DJ Hamida - Déconnectés (Paroles) - Statistiques

Statistiques générales
  • Ce quiz a été pris 44 fois
  • Le résultat moyen est 208 sur 329
Statistiques - réponses
Réponse % Correct
la
100%
100%
la-la-la-la
100%
la-la (x4)
100%
de
94%
et
94%
Et
94%
Couplet 1 - Kayna J'ai
94%
j'ai
94%
Je
94%
le
94%
Couplet 3 - Kayna Le
94%
me
91%
à
85%
suis
85%
ma
82%
mes
82%
tout
82%
besoin
79%
côté
79%
d'air
79%
laissé
79%
pas
79%
problèmes
79%
comme
76%
j'suis
76%
J'suis
76%
tous
76%
avec
73%
Beyoncé
73%
déconnectée
73%
du
73%
Refrain - Kayna J'me
73%
j'me
73%
les
73%
m'appelle
73%
Refrain - Lartiste | Refrain - Lartiste (x2) Ne
73%
pour
73%
Pour
73%
balade
70%
barre
70%
belle
70%
Claquer
70%
gars
70%
porte
70%
au
67%
clé
67%
l'été
67%
piscine
67%
voir
67%
barrer
64%
bord
64%
comptes
64%
jeter
64%
kiffer
64%
l'soleil
64%
Partir
64%
Poto
64%
sous
64%
tu
64%
d'une
61%
est
61%
J'désactive
61%
m'ambiancer
61%
mon
61%
Un
61%
un
61%
veux
61%
viande
61%
dit
58%
grillée
58%
On
58%
phone
58%
Posée
58%
potos
58%
répondeur
58%
briller
55%
L'odeur
55%
que
55%
sur
55%
Couper
52%
J'ferai
52%
soleil
52%
Tupac
52%
Tupac,
52%
visages
52%
gris
48%
j'écouterai
48%
j'veux
48%
mais
48%
Paris
48%
une
48%
ciel
45%
dans
45%
Dans
45%
même
45%
Bali
42%
Biggie
42%
Biggie,
42%
mettrai
42%
moi
42%
qu'à
42%
son
42%
vue
42%
Facebook
39%
fais
39%
maudit
39%
mis
39%
passé
39%
tête
39%
Twitter
39%
caisse
36%
feu
36%
l'Audi
36%
pièce
36%
rouge
36%
toujours
36%
casse
33%
faire
33%
J'vis
33%
lunettes
33%
peu
33%
téléphone
33%
bagages
30%
bronzer
30%
c'qui
30%
d'ici
30%
frais
30%
large
30%
parler,
30%
ptite
30%
tire
30%
aujourd'hui
27%
Désolée
27%
d'weed
27%
fait
27%
J'débranche
27%
j'démarre
27%
J'donne
27%
Couplet - Rim'K J'efface
27%
plumes
27%
sieste
27%
sonner
27%
vitres
27%
bisou
24%
Donc
24%
j'pars
24%
J'réponds
24%
J'vais
24%
plus
24%
village,
24%
Faut
21%
l'Espagne
21%
l'sud
21%
pris
21%
Dis-leur
18%
fumées
18%
malade
18%
Oh
18%
Eh
15%
gros
15%
l'image
15%
d'thunes
12%
Hey
12%
vas
12%
baby
9%
J'coupe
9%
la-la-la
9%
Lartiste
9%
hum
6%
la-la-la-la
6%
Aucun quiz correspondant
Distribution des résultats
% des personnes avec chaque résultat
Percentile par nombre de réponses
Votre historique - résultats
Vous n’avez pas pris ce quiz